000 00643nam a2200181Ia 4500
008 090630s9999 xx 000 0 und d
082 _b16340
100 _aबोरकर प्रमिला.
245 _aअभ्यास कसा करावा ?.
_cबोरकर प्रमिला.
260 _bएस. के. - पुणे.
300 _a0
600 _aबोरकर प्रमिला.
630 _aअभ्यास कसा करावा ?.
655 _aइतर.
700 _aबोरकर प्रमिला.
730 _aअभ्यास कसा करावा ?.
942 _cBOOK
999 _c268196
_d268196